[Event "ureki2015"]
[Site "?"]
[Date "2015.10.09"]
[Round "5.23"]
[White "Tutisani, Noe"]
[Black "Metreveli, Lekso"]
[Result "1-0"]
[LiveChessVersion "1.3.1"]
[BlackElo "1443"]
[WhiteElo "2335"]

1. e4 {[%clk 1:30:20]} c5 {[%clk 1:29:18]} 2. Nf3 {[%clk 1:30:45]} Nc6
{[%clk 1:29:16]} 3. Nc3 {[%clk 1:31:08]} Nf6 {[%clk 1:28:47]} 4. d4
{[%clk 1:31:33]} cxd4 {[%clk 1:29:08]} 5. Nxd4 {[%clk 1:31:58]} e5
{[%clk 1:28:11]} 6. Ndb5 {[%clk 1:32:24]} d6 {[%clk 1:28:34]} 7. Bg5
{[%clk 1:32:50]} a6 {[%clk 1:28:55]} 8. Na3 {[%clk 1:33:16]} b5 {[%clk 1:28:58]}
9. Bxf6 {[%clk 1:33:42]} gxf6 {[%clk 1:28:54]} 10. Nd5 {[%clk 1:34:08]} f5
{[%clk 1:28:08]} 11. Bd3 {[%clk 1:34:30]} Be6 {[%clk 1:28:01]} 12. c3
{[%clk 1:34:12]} Bg7 {[%clk 1:26:13]} 13. Nxb5 {[%clk 1:34:18]} axb5
{[%clk 1:22:28]} 14. Bxb5 {[%clk 1:34:37]} Bd7 {[%clk 1:17:25]} 15. exf5
{[%clk 1:34:55]} Nb8 {[%clk 0:59:22]} 16. Qg4 {[%clk 1:29:16]} Bf6
{[%clk 0:54:51]} 17. Bc4 {[%clk 1:26:31]} h5 {[%clk 0:50:50]} 18. Qe4
{[%clk 1:26:49]} Ra7 {[%clk 0:44:52]} 19. O-O {[%clk 1:27:06]} Rg8
{[%clk 0:43:37]} 20. f4 {[%clk 1:26:32]} Bc6 {[%clk 0:41:00]} 21. b4
{[%clk 1:25:50]} Bxd5 {[%clk 0:38:39]} 22. Bxd5 {[%clk 1:25:48]} Re7
{[%clk 0:37:42]} 23. Qd3 {[%clk 1:22:24]} Nd7 {[%clk 0:35:48]} 24. a4
{[%clk 1:21:20]} exf4 {[%clk 0:35:22]} 25. a5 {[%clk 1:20:36]} Ne5
{[%clk 0:35:09]} 26. Qb5+ {[%clk 1:20:55]} Kf8 {[%clk 0:34:47]} 27. a6
{[%clk 1:19:16]} Ra7 {[%clk 0:32:14]} 28. Rxf4 {[%clk 1:16:02]} Bg5
{[%clk 0:30:31]} 29. Re4 {[%clk 1:15:29]} Qc8 {[%clk 0:15:38]} 30. c4
{[%clk 1:14:55]} Bd8 {[%clk 0:11:25]} 31. c5 {[%clk 1:14:39]} Qxf5
{[%clk 0:04:48]} 32. Rf1 {[%clk 1:13:25]} Qg5 {[%clk 0:00:43]} 33. Re2
{[%clk 1:12:18]} Re7 {[%clk 0:00:45]} 34. Ref2 {[%clk 1:10:55]} Qe3
{[%clk 0:00:43]} 35. Qb8 {[%clk 1:09:30]} Re8 {[%clk 0:00:41]} 36. Qxd6+
{[%clk 1:09:56]} Be7 {[%clk 0:00:43]} 37. Qxe5 {[%clk 1:09:39]} 1-0

[Event "ureki2015"]
[Site "?"]
[Date "2015.10.09"]
[Round "5.24"]
[White "Kostava, Elene"]
[Black "Choladze, Mariam"]
[Result "0-1"]
[LiveChessVersion "1.3.1"]
[BlackElo "2095"]
[WhiteElo "1775"]

1. d4 {[%clk 1:28:56]} Nf6 {[%clk 1:30:49]} 2. Nf3 {[%clk 1:29:09]} g6
{[%clk 1:31:08]} 3. c4 {[%clk 1:29:23]} Bg7 {[%clk 1:31:34]} 4. Nc3
{[%clk 1:29:27]} O-O {[%clk 1:31:25]} 5. e4 {[%clk 1:29:50]} d6 {[%clk 1:31:52]}
6. h3 {[%clk 1:30:16]} e5 {[%clk 1:32:17]} 7. d5 {[%clk 1:30:20]} a5
{[%clk 1:30:16]} 8. Bg5 {[%clk 1:30:33]} Na6 {[%clk 1:28:36]} 9. Nd2
{[%clk 1:27:40]} Qe8 {[%clk 1:24:49]} 10. g4 {[%clk 1:16:49]} Nd7
{[%clk 1:21:47]} 11. Rg1 {[%clk 1:14:07]} Ndc5 {[%clk 1:14:09]} 12. a3
{[%clk 1:06:28]} Bd7 {[%clk 1:12:23]} 13. Be2 {[%clk 0:59:35]} c6
{[%clk 1:09:44]} 14. Rb1 {[%clk 0:55:34]} a4 {[%clk 1:00:06]} 15. Kf1
{[%clk 0:34:35]} Nc7 {[%clk 0:54:32]} 16. Kg2 {[%clk 0:24:06]} Rb8
{[%clk 0:38:10]} 17. f3 {[%clk 0:19:09]} b5 {[%clk 0:25:05]} 18. dxc6
{[%clk 0:17:19]} Bxc6 {[%clk 0:23:59]} 19. cxb5 {[%clk 0:17:21]} Nxb5
{[%clk 0:24:03]} 20. Nxb5 {[%clk 0:16:40]} Bxb5 {[%clk 0:23:45]} 21. Bxb5
{[%clk 0:16:35]} Qxb5 {[%clk 0:21:21]} 22. Be7 {[%clk 0:15:28]} Rfe8
{[%clk 0:20:44]} 23. Bxd6 {[%clk 0:15:30]} Rbd8 {[%clk 0:20:45]} 24. Bxc5
{[%clk 0:11:01]} Qxc5 {[%clk 0:20:58]} 25. Kh1 {[%clk 0:10:29]} Bh6
{[%clk 0:07:28]} 26. g5 {[%clk 0:08:33]} Qe3 {[%clk 0:07:19]} 27. Nf1
{[%clk 0:06:44]} Qf2 {[%clk 0:05:29]} 28. Qxa4 {[%clk 0:03:40]} Qxf3+
{[%clk 0:05:11]} 29. Kh2 {[%clk 0:03:25]} Qf4+ {[%clk 0:04:23]} 30. Kh1
{[%clk 0:02:15]} Bxg5 {[%clk 0:04:05]} 31. Nh2 {[%clk 0:01:59]} Ra8
{[%clk 0:01:15]} 32. Qc2 {[%clk 0:01:40]} Rec8 {[%clk 0:01:12]} 33. Qg2
{[%clk 0:01:58]} Be7 {[%clk 0:00:48]} 34. Rbf1 {[%clk 0:01:42]} Qe3
{[%clk 0:00:41]} 35. Ng4 {[%clk 0:01:36]} Qg5 {[%clk 0:00:41]} 36. Qf2
{[%clk 0:01:07]} Rf8 {[%clk 0:00:46]} 37. Ne3 {[%clk 0:00:36]} Qh5
{[%clk 0:00:52]} 38. Kh2 {[%clk 0:00:43]} Bc5 {[%clk 0:01:01]} 39. Qg3
{[%clk 0:00:35]} Qe2+ {[%clk 0:01:14]} 40. Rg2 {[%clk 0:30:35]} Qxe3
{[%clk 0:31:32]} 0-1

[Event "ureki2015"]
[Site "?"]
[Date "2015.10.10"]
[Round "6.1"]
[White "Jobava, Baadur"]
[Black "Bakhtadze, Levan"]
[Result "1-0"]
[LiveChessVersion "1.3.1"]
[BlackElo "2072"]
[WhiteElo "2683"]

1. e4 {[%clk 1:30:33]} Nf6 {[%clk 1:30:04]} 2. e5 {[%clk 1:30:44]} Nd5
{[%clk 1:30:27]} 3. Nc3 {[%clk 1:31:04]} Nxc3 {[%clk 1:29:46]} 4. dxc3
{[%clk 1:31:26]} d6 {[%clk 1:30:05]} 5. Nf3 {[%clk 1:30:45]} Bg4 {[%clk 1:27:18]}
6. h3 {[%clk 1:29:55]} Bh5 {[%clk 1:27:19]} 7. e6 {[%clk 1:26:17]} fxe6
{[%clk 1:25:10]} 8. Bc4 {[%clk 1:26:39]} d5 {[%clk 1:23:42]} 9. Be2
{[%clk 1:26:59]} Nc6 {[%clk 1:18:32]} 10. Ng5 {[%clk 1:20:50]} Bxe2
{[%clk 1:18:55]} 11. Qxe2 {[%clk 1:21:16]} e5 {[%clk 1:03:16]} 12. Qf3
{[%clk 1:19:59]} Qd6 {[%clk 1:00:39]} 13. Nf7 {[%clk 1:20:03]} Qf6
{[%clk 1:00:42]} 14. Nxh8 {[%clk 1:20:29]} Qxf3 {[%clk 0:56:27]} 15. gxf3
{[%clk 1:20:52]} g6 {[%clk 0:48:05]} 16. Rg1 {[%clk 1:21:15]} Bg7
{[%clk 0:48:25]} 17. Nxg6 {[%clk 1:21:37]} hxg6 {[%clk 0:48:54]} 18. Rxg6
{[%clk 1:21:59]} Kf7 {[%clk 0:49:14]} 19. Rg4 {[%clk 1:22:11]} Rh8
{[%clk 0:49:26]} 20. h4 {[%clk 1:22:22]} Bf6 {[%clk 0:49:44]} 21. Bg5
{[%clk 1:22:45]} Bxg5 {[%clk 0:49:54]} 22. Rxg5 {[%clk 1:23:09]} Rxh4
{[%clk 0:50:15]} 23. Ke2 {[%clk 1:22:59]} d4 {[%clk 0:47:56]} 24. c4
{[%clk 1:23:12]} e4 {[%clk 0:46:04]} 25. Rag1 {[%clk 1:22:05]} Ke6
{[%clk 0:42:44]} 26. Rg6+ {[%clk 1:16:36]} Kd7 {[%clk 0:39:11]} 27. R1g5
{[%clk 1:14:10]} Rf4 {[%clk 0:37:14]} 28. Rd5+ {[%clk 1:13:43]} Ke8
{[%clk 0:37:41]} 29. fxe4 {[%clk 1:13:25]} Kf7 {[%clk 0:36:56]} 30. Rf5+
{[%clk 1:13:48]} Ke8 31. Rd5 1-0

[Event "ureki2015"]
[Site "?"]
[Date "2015.10.10"]
[Round "6.2"]
[White "Kobakhidze, Irakli"]
[Black "Pantsulaia, Levan"]
[Result "0-1"]
[LiveChessVersion "1.3.1"]
[BlackElo "2572"]
[WhiteElo "1511"]

1. e4 {[%clk 1:30:28]} c5 {[%clk 1:30:42]} 2. Nf3 {[%clk 1:30:19]} a6
{[%clk 1:30:56]} 3. d4 {[%clk 1:30:24]} cxd4 {[%clk 1:31:18]} 4. Nxd4
{[%clk 1:30:41]} Nf6 {[%clk 1:31:40]} 5. Nc3 {[%clk 1:30:58]} e5 {[%clk 1:32:01]}
6. Nb3 {[%clk 1:31:17]} Be7 {[%clk 1:32:02]} 7. Be3 {[%clk 1:31:01]} d6
{[%clk 1:31:57]} 8. Qd2 {[%clk 1:31:03]} Ng4 {[%clk 1:32:06]} 9. O-O-O
{[%clk 1:31:14]} Nxe3 {[%clk 1:32:27]} 10. fxe3 {[%clk 1:31:25]} Be6
{[%clk 1:32:46]} 11. Nd5 {[%clk 1:31:36]} Nc6 {[%clk 1:32:40]} 12. Kb1
{[%clk 1:31:25]} Bg5 {[%clk 1:32:56]} 13. Be2 {[%clk 1:29:31]} Rc8
{[%clk 1:33:00]} 14. g3 {[%clk 1:29:30]} h5 {[%clk 1:30:54]} 15. Rhf1
{[%clk 1:28:41]} h4 {[%clk 1:30:42]} 16. g4 {[%clk 1:28:11]} O-O {[%clk 1:30:36]}
17. h3 {[%clk 1:28:23]} b5 {[%clk 1:29:56]} 18. Rf3 {[%clk 1:28:27]} Rb8
{[%clk 1:30:10]} 19. Rdf1 {[%clk 1:28:47]} a5 {[%clk 1:30:31]} 20. c4
{[%clk 1:28:54]} bxc4 {[%clk 1:30:23]} 21. Bxc4 {[%clk 1:28:59]} a4
{[%clk 1:30:44]} 22. Nc1 {[%clk 1:28:56]} Qa5 {[%clk 1:31:06]} 23. Qf2
{[%clk 1:28:58]} Qc5 {[%clk 1:31:13]} 24. Ne7+ {[%clk 1:29:05]} Bxe7
{[%clk 1:31:15]} 25. Bxe6 {[%clk 1:29:27]} fxe6 {[%clk 1:31:36]} 26. Rf7
{[%clk 1:28:19]} Qc4 {[%clk 1:31:36]} 0-1

[Event "ureki2015"]
[Site "?"]
[Date "2015.10.10"]
[Round "6.3"]
[White "Azaladze, Shota"]
[Black "Petriashvili, Nikoloz"]
[Result "1/2-1/2"]
[LiveChessVersion "1.3.1"]
[BlackElo "2240"]
[WhiteElo "2475"]

1. Nf3 {[%clk 1:30:21]} c5 {[%clk 1:29:58]} 2. c4 {[%clk 1:30:05]} Nc6
{[%clk 1:30:12]} 3. Nc3 {[%clk 1:30:02]} g6 {[%clk 1:29:37]} 4. d4
{[%clk 1:27:45]} cxd4 {[%clk 1:29:51]} 5. Nxd4 {[%clk 1:28:12]} Bg7
{[%clk 1:30:16]} 6. Nxc6 {[%clk 1:22:25]} bxc6 {[%clk 1:25:43]} 7. e4
{[%clk 1:22:12]} d6 {[%clk 1:25:09]} 8. Be2 {[%clk 1:21:17]} Nf6 {[%clk 1:25:20]}
9. O-O {[%clk 1:21:15]} O-O {[%clk 1:25:33]} 10. Be3 {[%clk 1:19:36]} Nd7
{[%clk 1:25:26]} 11. Bd4 {[%clk 1:19:21]} Bxd4 {[%clk 1:17:50]} 12. Qxd4
{[%clk 1:19:48]} c5 {[%clk 1:16:51]} 13. Qe3 {[%clk 1:19:25]} Ne5
{[%clk 1:16:20]} 14. Rad1 {[%clk 1:14:13]} Nc6 {[%clk 1:16:08]} 15. f4
{[%clk 1:14:24]} Nd4 {[%clk 1:14:33]} 16. e5 {[%clk 1:11:41]} Bb7
{[%clk 1:14:24]} 17. Bg4 {[%clk 1:04:35]} Qc7 {[%clk 1:06:34]} 18. Rf2
{[%clk 1:03:06]} Rae8 {[%clk 1:04:14]} 19. Re1 {[%clk 1:02:37]} f5
{[%clk 0:52:21]} 20. Bd1 {[%clk 1:01:19]} Rd8 {[%clk 0:51:11]} 21. Ba4
{[%clk 1:00:25]} d5 {[%clk 0:48:13]} 22. cxd5 {[%clk 0:56:58]} Bxd5
{[%clk 0:48:24]} 23. Nxd5 {[%clk 0:50:27]} Rxd5 {[%clk 0:48:45]} 24. Rc1
{[%clk 0:49:45]} Qb6 {[%clk 0:46:40]} 25. Qc3 {[%clk 0:46:48]} Rfd8
{[%clk 0:42:04]} 26. Qc4 {[%clk 0:46:21]} e6 {[%clk 0:42:17]} 27. h3
{[%clk 0:42:49]} Nc6 {[%clk 0:41:07]} 28. Qb5 {[%clk 0:42:43]} Nb4
{[%clk 0:37:05]} 29. Qxb6 {[%clk 0:34:53]} axb6 {[%clk 0:37:31]} 30. Bb3
{[%clk 0:33:42]} Nd3 {[%clk 0:37:53]} 31. Bxd5 {[%clk 0:34:01]} exd5
{[%clk 0:35:37]} 32. Rc3 {[%clk 0:33:03]} Nxf2 {[%clk 0:36:03]} 33. Kxf2
{[%clk 0:33:28]} Kf7 {[%clk 0:30:07]} 34. Rb3 {[%clk 0:33:37]} Rb8
{[%clk 0:30:31]} 35. Rb5 {[%clk 0:32:09]} d4 {[%clk 0:30:04]} 36. a4
{[%clk 0:23:00]} Ra8 {[%clk 0:21:48]} 37. Rxb6 {[%clk 0:22:48]} Rxa4
{[%clk 0:22:11]} 38. Ke2 {[%clk 0:22:23]} c4 {[%clk 0:22:19]} 39. Kd2
{[%clk 0:20:01]} c3+ {[%clk 0:19:30]} 40. Kd3 {[%clk 0:49:17]} Rc4
{[%clk 0:48:46]} 41. bxc3 {[%clk 0:47:32]} dxc3 {[%clk 0:47:13]} 42. Kc2
{[%clk 0:47:42]} Rxf4 {[%clk 0:47:37]} 43. Kxc3 {[%clk 0:48:07]} Rf2
{[%clk 0:43:53]} 44. g4 {[%clk 0:44:13]} fxg4 {[%clk 0:44:08]} 45. hxg4
{[%clk 0:44:35]} Rf4 {[%clk 0:44:20]} 46. Rb7+ {[%clk 0:44:15]} Ke6
{[%clk 0:44:34]} 47. Rxh7 {[%clk 0:44:42]} Rxg4 {[%clk 0:44:50]} 48. Kd3
{[%clk 0:45:05]} Kxe5 {[%clk 0:45:12]} 49. Ke3 {[%clk 0:45:21]} Rg3+
{[%clk 0:45:37]} 50. Kf2 {[%clk 0:45:45]} Ra3 {[%clk 0:45:57]} 51. Rf7
{[%clk 0:46:01]} Ke4 {[%clk 0:46:06]} 52. Kg2 {[%clk 0:46:22]} Ra5
{[%clk 0:46:11]} 53. Kg3 {[%clk 0:45:51]} Ke5 1/2-1/2

[Event "ureki2015"]
[Site "?"]
[Date "2015.10.10"]
[Round "6.4"]
[White "Gavasheli, Ana"]
[Black "Gvetadze, Sofio"]
[Result "1/2-1/2"]
[LiveChessVersion "1.3.1"]
[BlackElo "2314"]
[WhiteElo "2168"]

1. c4 {[%clk 1:30:56]} Nf6 {[%clk 1:30:16]} 2. Nc3 {[%clk 1:30:02]} d6
{[%clk 1:29:22]} 3. g3 {[%clk 1:30:23]} g6 {[%clk 1:29:02]} 4. Bg2
{[%clk 1:30:37]} Bg7 {[%clk 1:29:24]} 5. d3 {[%clk 1:30:59]} O-O {[%clk 1:29:13]}
6. Nf3 {[%clk 1:30:54]} Nc6 {[%clk 1:28:26]} 7. O-O {[%clk 1:31:17]} e5
{[%clk 1:28:40]} 8. Rb1 {[%clk 1:31:22]} a5 {[%clk 1:28:05]} 9. a3
{[%clk 1:31:41]} h6 {[%clk 1:28:28]} 10. b4 {[%clk 1:31:43]} axb4
{[%clk 1:28:41]} 11. axb4 {[%clk 1:32:07]} Be6 {[%clk 1:28:37]} 12. b5
{[%clk 1:25:54]} Ne7 {[%clk 1:28:39]} 13. h3 {[%clk 1:22:01]} Nh7 14. Ne1
{[%clk 1:16:21]} d5 {[%clk 1:20:17]} 15. cxd5 {[%clk 1:15:28]} Nxd5
{[%clk 1:20:33]} 16. Nxd5 {[%clk 1:11:14]} Bxd5 {[%clk 1:21:00]} 17. Bxd5
{[%clk 1:08:55]} Qxd5 {[%clk 1:21:28]} 18. Qb3 {[%clk 1:08:45]} Qd7
{[%clk 1:19:55]} 19. Kg2 {[%clk 1:05:57]} Rfe8 {[%clk 1:18:47]} 20. Nf3
{[%clk 1:05:42]} Nf6 {[%clk 1:06:40]} 21. Bb2 {[%clk 1:02:05]} Nd5
{[%clk 1:06:26]} 22. Rfc1 {[%clk 1:01:20]} e4 {[%clk 0:49:56]} 23. dxe4
{[%clk 1:01:41]} Rxe4 {[%clk 0:50:13]} 24. Bxg7 {[%clk 0:56:15]} Kxg7
{[%clk 0:50:11]} 25. Rd1 {[%clk 0:51:46]} c6 {[%clk 0:49:53]} 26. Qb2+
{[%clk 0:50:43]} Kh7 {[%clk 0:49:41]} 27. bxc6 {[%clk 0:49:49]} bxc6
{[%clk 0:50:06]} 28. Rd4 {[%clk 0:44:42]} Qe6 {[%clk 0:39:50]} 29. Rxe4
{[%clk 0:36:14]} Qxe4 {[%clk 0:40:07]} 30. Rc1 {[%clk 0:35:33]} Re8
{[%clk 0:33:28]} 31. Qc2 {[%clk 0:25:17]} Qxe2 {[%clk 0:32:48]} 32. Qxe2
{[%clk 0:25:41]} Rxe2 {[%clk 0:33:16]} 33. Nd4 {[%clk 0:25:57]} Rd2
{[%clk 0:32:36]} 34. Nxc6 {[%clk 0:26:01]} Kg7 {[%clk 0:32:11]} 35. Ne5
{[%clk 0:24:26]} Kf6 {[%clk 0:32:09]} 36. Nf3 {[%clk 0:23:12]} Rb2
{[%clk 0:32:28]} 37. Rc6+ {[%clk 0:21:06]} Kg7 {[%clk 0:32:51]} 38. Rc1
{[%clk 0:21:19]} Nf6 {[%clk 0:32:32]} 39. Re1 {[%clk 0:21:30]} 1/2-1/2

[Event "ureki2015"]
[Site "?"]
[Date "2015.10.10"]
[Round "6.5"]
[White "Beradze, Irakli"]
[Black "Metreveli, Lekso"]
[Result "1-0"]
[LiveChessVersion "1.3.1"]
[BlackElo "1443"]
[WhiteElo "2416"]

1. d4 {[%clk 1:30:16]} Nf6 {[%clk 1:30:38]} 2. c4 {[%clk 1:30:14]} c5
{[%clk 1:29:23]} 3. d5 {[%clk 1:30:14]} g6 {[%clk 1:28:53]} 4. Nc3
{[%clk 1:28:22]} d6 {[%clk 1:29:12]} 5. e4 {[%clk 1:28:34]} Bg7 {[%clk 1:29:26]}
6. Bd3 {[%clk 1:28:58]} O-O {[%clk 1:29:32]} 7. Nf3 {[%clk 1:29:12]} a6
{[%clk 1:28:15]} 8. O-O {[%clk 1:29:24]} Bg4 {[%clk 1:25:32]} 9. h3
{[%clk 1:29:06]} Bxf3 {[%clk 1:25:57]} 10. Qxf3 {[%clk 1:29:32]} Nbd7
{[%clk 1:26:03]} 11. Qd1 {[%clk 1:29:04]} Ne8 {[%clk 1:22:42]} 12. Be3
{[%clk 1:25:30]} Nc7 {[%clk 1:21:25]} 13. a4 {[%clk 1:24:59]} a5 {[%clk 1:19:48]}
14. Qd2 {[%clk 1:24:51]} Re8 {[%clk 1:16:45]} 15. Rae1 {[%clk 1:24:35]} Na6 16.
b3 {[%clk 1:24:33]} Nb4 {[%clk 1:16:04]} 17. Bb1 {[%clk 1:23:25]} Qb6
{[%clk 1:04:54]} 18. Ne2 Na6 {[%clk 0:48:47]} 19. Bc2 {[%clk 1:23:15]} Nb4
{[%clk 0:48:40]} 20. Bd1 Nf6 {[%clk 0:46:41]} 21. Ng3 {[%clk 1:23:18]} Rad8
{[%clk 0:44:30]} 22. Kh1 {[%clk 1:22:58]} Na6 {[%clk 0:42:37]} 23. f4
{[%clk 1:22:38]} Nd7 24. Qf2 Nb4 {[%clk 0:37:33]} 25. Qd2 {[%clk 1:13:36]} Rf8
{[%clk 0:33:01]} 26. Bg4 {[%clk 1:05:08]} Na6 27. Qc2 {[%clk 1:05:34]} Nb4
{[%clk 0:21:14]} 28. Qb1 Bd4 {[%clk 0:16:59]} 29. Bd2 {[%clk 1:05:44]} Bg7
{[%clk 0:13:15]} 30. Ne2 Nf6 31. Bf3 {[%clk 1:01:01]} e6 {[%clk 0:02:31]} 32. Nc3
{[%clk 1:00:54]} exd5 {[%clk 0:02:31]} 33. exd5 {[%clk 1:01:19]} Rfe8
{[%clk 0:02:10]} 34. Nb5 {[%clk 1:01:09]} Na6 {[%clk 0:02:12]} 35. Rxe8+
{[%clk 1:00:17]} Rxe8 {[%clk 0:02:12]} 36. Re1 Qd8 {[%clk 0:01:28]} 37. g4
{[%clk 0:56:50]} b6 {[%clk 0:01:34]} 38. g5 {[%clk 0:56:43]} Rxe1+
{[%clk 0:01:59]} 39. Qxe1 {[%clk 0:57:08]} Ne8 {[%clk 0:02:18]} 40. Kg2
{[%clk 1:26:42]} Nec7 {[%clk 0:02:18]} 41. Nc3 {[%clk 1:26:42]} Nb4
{[%clk 0:27:18]} 42. Qb1 {[%clk 1:24:19]} Ne8 43. Ne4 {[%clk 1:22:06]} Bd4
{[%clk 0:20:43]} 44. Ng3 {[%clk 1:14:12]} Ng7 45. Be4 {[%clk 1:08:29]} Qe8
{[%clk 0:10:07]} 46. h4 f5 47. gxf6 {[%clk 1:07:30]} Bxf6 {[%clk 0:08:58]} 48. h5
{[%clk 1:07:18]} Nxh5 {[%clk 0:08:10]} 49. Nxh5 gxh5 {[%clk 0:08:38]} 50. Bxh7+
{[%clk 1:06:56]} Kg7 {[%clk 0:07:11]} 51. Be4 {[%clk 1:00:44]} h4
{[%clk 0:02:49]} 52. Kh3 {[%clk 0:51:48]} Kh8 {[%clk 0:00:37]} 53. Bf3
{[%clk 0:51:42]} Qg8 {[%clk 0:00:37]} 54. Bg4 Qg7 55. Qf5 {[%clk 0:49:28]} Bc3
{[%clk 0:00:36]} 56. Qc8+ {[%clk 0:49:18]} Kh7 {[%clk 0:00:58]} 57. Bf5+
{[%clk 0:49:42]} Kh6 {[%clk 0:01:15]} 58. Qe6+ {[%clk 0:50:09]} Bf6
{[%clk 0:01:36]} 59. Be1 {[%clk 0:33:34]} Qe7 60. Bxh4 {[%clk 0:34:01]} Qxe6
{[%clk 0:01:38]} 61. dxe6 {[%clk 0:34:28]} Bxh4 {[%clk 0:01:04]} 62. Kxh4
{[%clk 0:34:53]} Nc6 {[%clk 0:00:59]} 63. Be4 Ne7 64. f5 {[%clk 0:35:20]} 1-0

[Event "ureki2015"]
[Site "?"]
[Date "2015.10.10"]
[Round "6.6"]
[White "Kostava, Elene"]
[Black "Khomeriki, Nino"]
[Result "0-1"]
[LiveChessVersion "1.3.1"]
[BlackElo "2295"]
[WhiteElo "1775"]

1. Nf3 {[%clk 1:30:56]} Nf6 {[%clk 1:30:19]} 2. c4 {[%clk 1:31:07]} g6
{[%clk 1:29:22]} 3. b3 {[%clk 1:31:14]} Bg7 {[%clk 1:29:45]} 4. Bb2
{[%clk 1:31:36]} O-O {[%clk 1:29:48]} 5. g3 {[%clk 1:30:31]} c5 6. Bg2
{[%clk 1:30:12]} Nc6 {[%clk 1:29:13]} 7. O-O d6 8. d3 {[%clk 1:28:35]} a6
{[%clk 1:27:49]} 9. Nc3 {[%clk 1:28:13]} Rb8 {[%clk 1:28:04]} 10. Rb1
{[%clk 1:22:54]} Bd7 {[%clk 1:27:54]} 11. e3 {[%clk 1:22:02]} b5 {[%clk 1:27:49]}
12. Ba1 {[%clk 1:20:00]} Qc8 {[%clk 1:27:04]} 13. Re1 {[%clk 1:19:45]} Bh3
{[%clk 1:26:16]} 14. Bh1 {[%clk 1:18:54]} h6 15. Qd2 {[%clk 1:07:26]} e5
{[%clk 1:21:21]} 16. Ne2 {[%clk 0:57:01]} Nh5 {[%clk 1:17:50]} 17. Nh4
{[%clk 0:48:58]} g5 {[%clk 1:16:23]} 18. Ng2 {[%clk 0:48:54]} e4 {[%clk 1:12:48]}
19. Bxg7 {[%clk 0:45:32]} Kxg7 {[%clk 1:09:12]} 20. d4 {[%clk 0:44:22]} Nf6
{[%clk 1:07:05]} 21. Rec1 Qf5 22. Ne1 {[%clk 0:41:27]} bxc4 {[%clk 1:03:18]} 23.
Rxc4 {[%clk 0:38:05]} Rfe8 {[%clk 1:00:23]} 24. dxc5 {[%clk 0:32:11]} dxc5
{[%clk 0:59:29]} 25. Nc3 {[%clk 0:28:19]} Rbd8 {[%clk 0:57:54]} 26. Qb2
{[%clk 0:27:19]} Kg8 {[%clk 0:56:51]} 27. Na4 {[%clk 0:24:37]} Ng4
{[%clk 0:45:08]} 28. Rxc5 {[%clk 0:19:57]} Nce5 {[%clk 0:42:38]} 29. Qc2
{[%clk 0:15:07]} Rd3 {[%clk 0:42:26]} 30. Bg2 {[%clk 0:11:12]} Bxg2
{[%clk 0:42:04]} 31. Kxg2 {[%clk 0:10:04]} Red8 {[%clk 0:42:14]} 32. Rb2
{[%clk 0:07:31]} Rxe3 {[%clk 0:41:41]} 33. Kg1 {[%clk 0:06:56]} Rxe1+ 0-1

[Event "ureki2015"]
[Site "?"]
[Date "2015.10.10"]
[Round "6.7"]
[White "Morchiashvili, Bachana"]
[Black "Benidze, Davit"]
[Result "1/2-1/2"]
[LiveChessVersion "1.3.1"]
[BlackElo "2491"]
[WhiteElo "2331"]

1. Nf3 {[%clk 1:30:57]} Nf6 {[%clk 1:30:53]} 2. d4 {[%clk 1:31:23]} d5
{[%clk 1:31:21]} 3. c4 {[%clk 1:31:50]} c6 {[%clk 1:31:49]} 4. Nc3
{[%clk 1:32:16]} Bf5 {[%clk 1:32:16]} 5. cxd5 {[%clk 1:32:41]} cxd5
{[%clk 1:32:44]} 6. Bf4 {[%clk 1:33:06]} Nc6 {[%clk 1:33:10]} 7. e3
{[%clk 1:33:31]} e6 {[%clk 1:33:38]} 8. Bd3 {[%clk 1:33:56]} Bxd3
{[%clk 1:34:06]} 9. Qxd3 {[%clk 1:34:21]} Bd6 {[%clk 1:34:34]} 10. Bxd6
{[%clk 1:34:45]} Qxd6 {[%clk 1:35:00]} 11. O-O {[%clk 1:35:06]} O-O
{[%clk 1:35:26]} 12. Rfc1 {[%clk 1:35:32]} Rfc8 {[%clk 1:35:53]} 13. Ne2
{[%clk 1:35:57]} h6 {[%clk 1:36:17]} 14. a3 {[%clk 1:36:21]} Na5 {[%clk 1:36:45]}
15. Rxc8+ {[%clk 1:36:45]} Rxc8 {[%clk 1:37:14]} 16. Rc1 {[%clk 1:37:10]} Rxc1+
{[%clk 1:37:42]} 17. Nxc1 {[%clk 1:37:37]} Qc7 {[%clk 1:38:12]} 18. Ne2
{[%clk 1:38:00]} Nc4 {[%clk 1:38:39]} 19. Qc2 {[%clk 1:38:21]} Ne8
{[%clk 1:39:07]} 20. g3 {[%clk 1:38:38]} Ncd6 {[%clk 1:39:33]} 21. Qxc7
{[%clk 1:39:02]} Nxc7 {[%clk 1:40:02]} 22. Nc3 {[%clk 1:39:26]} Nc4
{[%clk 1:40:29]} 23. Nd1 {[%clk 1:39:51]} Nd6 {[%clk 1:40:58]} 24. Nc3
{[%clk 1:40:17]} Nc4 {[%clk 1:41:27]} 25. Nd1 {[%clk 1:40:42]} Nd6
{[%clk 1:41:55]} 26. Nc3 {[%clk 1:41:08]} Nc4 {[%clk 1:41:54]} 1/2-1/2